000 00547nam a22001695i 4500
001 165739
003 ES-MaACL
005 20230906213210.0
008 010611s1878 gw |||| | ger d
040 _aCCPB | B
_bspa
_cCCPB | B
100 0 _aStein, Lorenz von.
_9108034
245 1 0 _aLehrbuch der Finanzwissenschaft für Staats- und Selbstverwaltung /
_cvon Lorenz von Stein.
250 _a4. neubearbeitete Aufl.
260 _aLeipzig :
_bJ. A. Brockhaus,
_c1878.
300 _a2 v. ;
_c23 cm.
852 _aES-MaACL
_jG-2832-33
_z-- Enc. hol.
999 _c165739
_d165739